| 000 | 00563nam a2200205Ia 4500 | ||
|---|---|---|---|
| 003 | GCL | ||
| 008 | 140319s9999 xx 000 0 eng d | ||
| 040 |
_aGCL / _cGCL |
||
| 082 | 0 | 4 |
_a610.73 _bM M |
| 100 | 1 | _aMALLETT, JANE | |
| 245 | 1 | 0 |
_aMANUAL OF CLINICAL NURSING PROCEDURES / _cMALLETT, JANE |
| 700 | 1 | _aBAILEY, CHRISTOPHER | |
| 260 |
_a[S.N] : _bBLACKWELL SCIENCE LTD. ، _c1996 |
||
| 300 | _a662 P | ||
| 650 | 0 | 4 | _aNURSING CARE - METHODS |
| 650 | 0 | 4 | _aPATIENT CARE PLANNING |
| 650 | 0 | 4 | _aNURSING THEORY |
| 650 | 0 | 4 | _aNURSING PROCESS |
| 942 |
_2ddc _cBK |
||
| 999 |
_c13006 _d13006 |
||